000 00274nam a22000977a 4500
005 20250901165414.0
008 210324b ||||| |||| 00| 0 eng d
050 _aHF550 .S25 2010
245 _aBUSINESS FINANCE SIMPLIFIED
_bREVISED AND UPDATED
_cSALEEMI, NISAR AHMAD
942 _2lcc
999 _c3427
_d3427